00000000nam##2200000za#4500
0019.567814
003CaOODSP
00520210624180948
007cr |||||||||||
008150406|2000||||xxc|||||o    f|0| 0 eng|d
040 |aCaOODSP|beng
043 |an-cn---
0861 |aBT31-2/2000-III-99E-PDF
1101 |aCanada. |bTreasury Board.
24510|aOffice of the Correctional Investigator, a report on plans and priorities |h[electronic resource]
2463 |aOffice of the Correctional Investigator, 1999-2000 estimates, a report on plans and priorities, approved
260 |bTreasury Board of Canada Secretariat |c[1999].
300 |a27p.|borganization chart, tables
4901 |a1999-2000 estimates. Part III, Report on plans and priorities |v1999-2000
500 |aIncorrect catalogue number (BT31-2/1999-III-13) and ISBN (0-660-60071-4) copied in this electronic publication.
590 |a10-13-Supp|b2010-11-23
77508|tBureau de l'Enquêteur correctionnel, un rapport sur les plans et les priorités |w(CaOODSP)9.599138
7760#|tOffice of the Correctional Investigator |w(CaOODSP)9.531728
7760#|tBureau de l'Enquêteur correctionnel |w(CaOODSP)9.531729
830#0|a1999-2000 estimates. Part III, Report on plans and priorities ;|v1999-2000|w(CaOODSP)9.505715
85640|ahttp://publications.gc.ca|qPDF|s101 KB|uhttps://publications.gc.ca/collections/Collection/BT31-2-2000-III-99E.pdf|y1999-2000